000 00836nam a2200277 a 4500
001 15351
003 BD-RjUL
005 20211208235810.0
008 140209s1982 nyua 001 0 eng
020 _a0471089923
035 _a(BD-RjUL)15405
040 _aDLC
_cDLC
_dDLC
_dBD-RjUL
_beng
041 _aeng
082 0 0 _223
_a657.0285
_bPEA 1982
100 1 _aPerry, William E.
_947701
245 1 4 _aThe accountants' guide to computer systems /
_cWilliam E. Perry.
260 _aNew York :
_bWiley,
_cc1982.
300 _axi, 286 p. :
_bill. ;
_c24 cm.
500 _a"A Ronald Press publication."
500 _aIncludes index.
650 0 _aAccounting
_xData processing.
_944512
942 _2ddc
_cBK
999 _c15351
_d15351